Estudio practico de las operaciones relevantes 2018 (Registro nro. 166036)

Detalles MARC
000 -LEADER
fixed length control field 01399nam a22002537a 4500
007 - PHYSICAL DESCRIPTION FIXED FIELD--GENERAL INFORMATION
fixed length control field cr|||| ||||
008 - FIXED-LENGTH DATA ELEMENTS--GENERAL INFORMATION
fixed length control field 180421s2018 mx |||||s|||| 00||0 spa d
020 ## - INTERNATIONAL STANDARD BOOK NUMBER
International Standard Book Number 978-607-541-009-8
035 ## -
-- 21446
040 ## - CATALOGING SOURCE
Original cataloging agency vLex
090 ## -
-- 7799
-- 7799
100 1# - MAIN ENTRY--PERSONAL NAME
Personal name Luna Guerra, Antonio
245 10 - TITLE STATEMENT
Title Estudio practico de las operaciones relevantes 2018
Medium [Recurso electrónico] /
Statement of responsibility, etc Antonio Luna Guerra
256 ## -
-- Servicio en línea
260 ## - PUBLICATION, DISTRIBUTION, ETC. (IMPRINT)
Place of publication, distribution, etc Ciudad de México:
Name of publisher, distributor, etc Ediciones Fiscales ISEF,
Date of publication, distribution, etc 2018
300 ## - PHYSICAL DESCRIPTION
Extent 1 recurso electrónico
500 ## - GENERAL NOTE
General note Cuando el contribuyente realice una de las operaciones señaladas en esta obra: ESTUDIO PRACTICO DE LAS OPERACIONES RELEVANTES, tendrá que realizar (a partir de 2015) una declaración informativa de OPERACIONES RELEVANTES. Esto para que la autoridad tenga mayores elementos de fiscalización. ¡Conozca este tema a fondo!
506 1# - RESTRICTIONS ON ACCESS NOTE
Terms governing access Disponible solo en los productos indicados
Authorized users vLex Global
-- vLex Global (Academic Edition, excluding Law Schools)
-- vLex Global (U.S. Academic Edition, Law Schools)
-- vLex Global (U.S. Academic Edition, excluding Law Schools)
-- vLex Global (Academic Edition, Law Schools)
650 04 - SUBJECT ADDED ENTRY--TOPICAL TERM
Topical term or geographic name as entry element Derecho Fiscal
Geographic subdivision México
740 0# -
-- vLex Libros (Servicio en línea)
856 40 - LOCALIZACIÓN Y ACCESO ELECTRÓNICO
Identificador Uniforme del Recurso (URI/URL) https://app.vlex.com/#/sources/estudio-practico-de-las-operaciones-relevantes-2018-21446
942 ## -
-- RAA
999 ## -
-- 166036
-- 166036

No hay ítems disponibles.


CONTACTO


NOSOTROS


SITIOS DE INTERES

coordinacion.biblioteca.biblioteca@unienlinea.mx Misión, Visión y Objetivos Bases de datos
Directorio Bibliotecas Digitales y Repositorios
Normatividad Revistas y artículos
Convenios interbibliotecarios
Boletines



Hecho en México. Universidad Insurgentes (UIN). Todos los derechos reservados 2024. Esta página y sus contenidos pueden ser reproducidos con fines no lucrativos, siempre y cuando no se mutile, se cite la fuente completa y su dirección electrónicas. De otra forma requiere permiso previo por escrito de la institución




2024 Copyright Universidad Insurgentes | www.bibliouin.com.mx